| 000 | 00412nam a2200097Ia 4500 | ||
|---|---|---|---|
| 008 | 180130s9999 xx 000 0 und d | ||
| 245 |
_cCzerwonka, J. _aCode reviews are not for finding defects--even established tools need occasional evaluation |
||
| 260 | _c2016 | ||
| 300 | _aBook title: Perspectives on data science for software engineering--Acession number C20893; pages 119-124 | ||
| 650 | _aSOFTWARE ENGINEERING | ||
| 999 |
_c354303 _d354303 |
||